Náklady kapitálu a konkurencieschopnosť podnikov

Vplyv globalizácie na náklady kapitálu podniku. Analýza faktorov ovplyvňujúcich náklady kapitálu podniku z hľadiska globalizovaných finančných trhov (dostupnosť kapitálu, trhová likvidita, segmentácia trhu, menové riziko, kapitálová štruktúra). Porovnanie nákladov kapitálu pre domáce a medzinárodné...

Ausführliche Beschreibung

Gespeichert in:
Bibliographische Detailangaben
1. Verfasser: Polednáková, Anna, 1957-
Format: Buchkapitel
Sprache:Slowakisch
Schlagworte:
Tags: Tag hinzufügen
Keine Tags, Fügen Sie das erste Tag hinzu!

MARC

LEADER 00000nla a2200000 4500
001 0239201
005 20240502083642.1
041 0 |a slo 
044 |a CZ 
245 1 0 |a Náklady kapitálu a konkurencieschopnosť podnikov  |c Anna Polednáková 
520 |a Vplyv globalizácie na náklady kapitálu podniku. Analýza faktorov ovplyvňujúcich náklady kapitálu podniku z hľadiska globalizovaných finančných trhov (dostupnosť kapitálu, trhová likvidita, segmentácia trhu, menové riziko, kapitálová štruktúra). Porovnanie nákladov kapitálu pre domáce a medzinárodné podniky. 
610 2 0 |a konkurencieschopnosť 
610 2 0 |a podnik 
610 2 0 |a financie podnikové 
610 2 0 |a manažment finančný 
610 2 0 |a kapitál 
610 2 0 |a náklady 
610 2 0 |a štruktúra kapitálová 
610 2 0 |a trh finančný 
610 2 0 |a trh finančný medzinárodný 
610 2 0 |a globalizácia 
610 2 0 |a segmentácia trhu 
610 2 0 |a likvidita 
100 1 |a Polednáková, Anna, 1957-